00541nam a2200157Ia 4500008004100000082002200041100001500063245003700078260002900115300001000144630001800154650006600172942000900238952011900247999001700366211118s9999||||xx |||||||||||||| ||und|| a894.812 09bAPP-K aAppan, K P 0aKatha:Akyanavum Anubhavasathayum bDC BooksaKottayamc1999 a163p. xGeneral Stack aMalayalam LiteraturevMalayalam Literary DescriptionGeneralia cBOOK 00104070aSBCLbSBCLc2d2021-11-18g60.00l0o894.812 09 APP-Kp00100091r2021-11-18 00:00:00w2021-11-18yBOOK c95072d95072